000
00315 a2200157 4500
001
163521
020
_a
040
_c
Magnum
100
_a
Wheatley, Jonathan
240
1
0
_a
The visitor
_l
ING
245
1
0
_a
The visitor
362
0
_a
1899
440
1
_a
Ática
697
_a
LITERATURA ESTRANGEIRA
942
_c
BK
999
_c
163521
_d
163521